Tricky-Clicky Minute: Bugs Quiz Stats

Quiz Updated Sep 30, 2014

Challenge
Share
Tweet
Embed
Score 0/40 Timer 01:00
10 Plays Today
% Correct
cockroach
92.4%
ladybug
92.2%
grasshopper
92%
mosquito
92%
beetle
91.8%
dragonfly
91.4%
flea
91%
firefly
91%
wasp
91%
bedbug
90.7%
termite
90.6%
bumblebee
90.5%
caterpillar
90.2%
centipede
90.1%
honeybee
90%
ant
89.8%
cricket
89.7%
butterfly
89.7%
moth
89.2%
hornet
89.1%
% Correct
bee
88.9%
maggot
88.6%
millipede
88.5%
gnat
88.3%
locust
88.3%
fruitfly
88.1%
lice
87.8%
fly
86%
mantis
85.9%
mite
85.8%
earwig
85.5%
cicada
83.5%
tick
82.6%
aphid
78.4%
weevil
78.1%
pillbug
74.8%
katydid
67.9%
lanternfly
66.1%
borer
35.1%
thrip
18.8%

You're not logged in!

Compare scores with friends on all Sporcle quizzes.
Join for Free
OR
Log In

You Might Also Like...

Show Comments

Extras

Top Quizzes Today


Score Distribution

Your Account Isn't Verified!

In order to create a playlist on Sporcle, you need to verify the email address you used during registration. Go to your Sporcle Settings to finish the process.

Report this User

Report this user for behavior that violates our Community Guidelines.

Details: